000 005570000a22001570004500
090 _aAR
_b02413
245 1 0 _aUncertainty in land-use chage and forestry sector mitigation options for global warming: plantation silviculture versus avoided deforestation
650 1 4 _aConvenios internacionales
_93879
650 1 4 _aCambio global
_94262
650 1 4 _aCaptación de carbono
_995966
651 4 _pBrasil
_992749
041 0 _aInglés
100 1 _aFearnside, Philip M.
_994346
942 _cARTICULO
773 1 _tBiomass and Bioenergy
_31237
_h6
_q457-468
_d2000
_g18
999 _c11484
_d11484